A new system of slavery: (Record no. 17782)

MARC details
000 -LEADER
fixed length control field 01017cam a2200301 4500
001 - CONTROL NUMBER
control field 3628062
003 - CONTROL NUMBER IDENTIFIER
control field BDDh-ASL
005 - DATE AND TIME OF LATEST TRANSACTION
control field 20231015025634.0
008 - FIXED-LENGTH DATA ELEMENTS--GENERAL INFORMATION
fixed length control field 740703s1974 enka bs 001 0 eng
010 ## - LIBRARY OF CONGRESS CONTROL NUMBER
LC control number 74170810
015 ## - NATIONAL BIBLIOGRAPHY NUMBER
National bibliography number GB***
020 ## - INTERNATIONAL STANDARD BOOK NUMBER
International Standard Book Number 0192184105
040 ## - CATALOGING SOURCE
Original cataloging agency DLC
Transcribing agency DLC
Modifying agency BDDh-ASL
043 ## - GEOGRAPHIC AREA CODE
Geographic area code a-ii---
-- e-uk---
050 00 - LIBRARY OF CONGRESS CALL NUMBER
Classification number HD8398.E3
Item number T55
082 00 - DEWEY DECIMAL CLASSIFICATION NUMBER
Classification number 306.362095403
Item number TIN
100 1# - MAIN ENTRY--PERSONAL NAME
Personal name Tinker, Hugh.
245 12 - TITLE STATEMENT
Title A new system of slavery:
Remainder of title the export of Indian labour overseas, 1830-1920/
Statement of responsibility, etc. Hugh Tinker.
260 ## - PUBLICATION, DISTRIBUTION, ETC.
Place of publication, distribution, etc. London:
-- New York:
Name of publisher, distributor, etc. published for the Institute of Race Relations by Oxford University Press,
Date of publication, distribution, etc. 1974.
300 ## - PHYSICAL DESCRIPTION
Extent xvi, 432 p.:
Other physical details illus.;
Dimensions 22 cm.
350 ## - PRICE (NR) (BK AM CF MU VM SE) [OBSOLETE]
Price £5.75
504 ## - BIBLIOGRAPHY, ETC. NOTE
Bibliography, etc. note Bibliography: p. [405]-415.
650 #0 - SUBJECT ADDED ENTRY--TOPICAL TERM
Topical term or geographic name entry element Foreign workers, East Indian
General subdivision History.
650 #0 - SUBJECT ADDED ENTRY--TOPICAL TERM
Topical term or geographic name entry element Working class
Geographic subdivision Great Britain
General subdivision Colonies
-- History.
651 #0 - SUBJECT ADDED ENTRY--GEOGRAPHIC NAME
Geographic name India
General subdivision Emigration and immigration
-- History.
906 ## - LOCAL DATA ELEMENT F, LDF (RLIN)
a 7
b cbc
c orignew
d 3
e ncip
f 19
g y-gencatlg
942 ## - ADDED ENTRY ELEMENTS (KOHA)
Source of classification or shelving scheme Dewey Decimal Classification
Koha item type Books
Holdings
Withdrawn status Lost status Source of classification or shelving scheme Damaged status Not for loan Collection code Home library Current library Shelving location Date acquired Source of acquisition Total Checkouts Full call number Barcode Date last seen Copy number Price effective from Koha item type Public note
    Dewey Decimal Classification   Not For Loan Non-fiction Asiatic Society Library Asiatic Society Library Harrison Collection 09/09/2020 Donated by Prof. John B. Harrison   306.3620 TIN 100903 09/09/2020 C-1 09/09/2020 Books RARE

Powered by Koha